Ochenta mil viviendas ¿para qué? /

J. M. Valverde y S. Lara analizan la promesa hecha en campaña por el presidente Oscar Arias Sánchez: construir ochenta mil viviendas en los cuatro años de su mandato. Los autores plantean la hipótesis de que tales viviendas no serán para las familias de escasos recursos económicos, pues buena parte...

Full beskrivning

Sparad:
Bibliografiska uppgifter
Huvudupphovsman: Valverde Rojas, José Manuel
Övriga upphovsmän: Lara, Silvia
Materialtyp: Text
Ämnen:
Taggar: Lägg till en tagg
Inga taggar, Lägg till första taggen!

MARC

LEADER 00000 a a2200000 04500
001 1619
003
040
100 |a Valverde Rojas, José Manuel  
245 |a Ochenta mil viviendas ¿para qué? /  |c José Manuel Valverde Rojas 
520 |a J. M. Valverde y S. Lara analizan la promesa hecha en campaña por el presidente Oscar Arias Sánchez: construir ochenta mil viviendas en los cuatro años de su mandato. Los autores plantean la hipótesis de que tales viviendas no serán para las familias de escasos recursos económicos, pues buena parte de las 'soluciones habitacionales' se gestionarán por intermedio de instituciones financieras cuyas tasas de interés y mensualidades no están al alcance de los sectores de menos recursos de la población. RLS/mb  
650 |a VIVIENDA  
650 |a NECESIDADES DE VIVIENDA  
650 |a POLITICA DE VIVIENDA  
650 |a VIVIENDA SUBVENCIONADA  
650 |a ADMINISTRACION ARIAS SANCHEZ, CR  
700 |a Lara, Silvia  
773 |g número 28; páginas 4-5  
999 |c 22611  |d 22611